| 000 | 00711nam a22002177a 4500 | ||
|---|---|---|---|
| 999 |
_c8870 _d8870 |
||
| 003 | AR-CdUCM | ||
| 008 | 190326b ||||| |||| 00| 0 spa d | ||
| 020 | _a84-02-07283-6 | ||
| 040 |
_aMUNICIPALIDAD PROVINCIAL DEL CUSCO _cBIBLIOTECA MUNICIPAL DEL CUSCO |
||
| 082 |
_a868.6 / _bG78 |
||
| 100 |
_aGoytisolo, Juan _96756 |
||
| 245 | _aPara vivir aquí / | ||
| 260 |
_aBarcelona : _bBruguera, _c1980. |
||
| 300 |
_a186 páginas ; _c18 cm. |
||
| 440 |
_aLiteratura universal bruguera. _n28 _924674 |
||
| 505 | _aCara y cruz -- Suburbios -- Otoño en el pueblo cuando llovizna -- El viaje -- La guardia ... | ||
| 650 |
_aNovela española _9192 |
||
| 650 |
_aNarrativa _967 |
||
| 942 |
_2ddc _cLIBROS |
||
| 945 | _aacv | ||